| 000 | 01011nam0a22002651 4500 | ||
|---|---|---|---|
| 001 | rc\329100 | ||
| 005 | 20250621040240.0 | ||
| 010 |
_a5-7545-0311-3 _9500 |
||
| 035 | _a(NLR Aleph) 005562775 | ||
| 090 |
_a5929253 _c5929253 |
||
| 100 | _a20030307d1989 |||y0rusy50 ca | ||
| 101 | 0 | _arus | |
| 102 | _aRU | ||
| 105 | _aa ||||||||| | ||
| 200 | 1 |
_aЭколого-биологические особенности хозяйственно ценных растений Карелии _fОтв. ред. С.С. Зябченко _gКарел. фил. АН СССР, Ин-т леса |
|
| 210 |
_aПетрозаводск _cКарелия _d1989 |
||
| 215 |
_a167, [2] с. _cил. _d20 |
||
| 320 | _aБиблиогр.: с. 157-168 (226 назв.) | ||
| 700 | 1 |
_aБелоногова _bТ.В. _gТатьяна Владимировна |
|
| 701 | 1 |
_aЗайцева _bН.Л. _gНина Леонидовна |
|
| 801 | 0 |
_aRU _bNLR _gpsbo |
|
| 801 | 1 |
_aRU _bELAR _2rusmarc |
|
| 852 |
_aNLR _j89-3/17333 |
||
| 942 | _cBOOK | ||
| 980 | _aNB | ||